000 005170000a22002050004500
003 LK-CoMWRAF
005 20240106131936.0
008 230817t2005 ||||| |||| 00| 0 eng d
020 _a9559236059
040 _aLK-CoMWRAF
_dLK-CoMWRAF
_eLK-CoMWRAF
041 _aeng
082 _a779
_bFER
100 _aFernando, Nihal
245 _aWith the dawn
260 _aColombo:
_bStudio Times,
_c2005
650 _aWILDLIFE PHOTOGRAPHY-Sri Lanka
650 _aPhotography
700 _aKeuneman, Herbert
942 _cBK
999 _c1395
_d1395